| 000 | 01245cam a22003737a 4500 | ||
|---|---|---|---|
| 003 | CHAP | ||
| 005 | 20220817043542.0 | ||
| 008 | 990614d1997 it rn 00110 eng d | ||
| 010 | _a78259 | ||
| 011 | _a79231 | ||
| 020 | _a9251040931 | ||
| 035 | _a89401 | ||
| 040 | _cCHAP | ||
| 082 | 0 | 4 |
_a630.72 _bF4 v.3 |
| 110 | 2 | _aFAO | |
| 245 | 1 | 0 |
_aOrganizational principles and desing _c/prepared by V.N. Asopa and G. Beye |
| 260 |
_aRome : _bFAO, _c1997. |
||
| 300 | _a138 p. | ||
| 490 | 0 |
_aFAO. Management of agricultural research . A training manual _vModule; 3 |
|
| 590 |
_aBATCH-UPD _b10 _c20130110 _lUCH01 _h0450 |
||
| 590 |
_aBATCH-UPD _b10 _c20130410 _lUCH01 _h0127 |
||
| 590 |
_aBATCH-UPD _b10 _c20130914 _lUCH01 _h0421 |
||
| 590 |
_aBATCH-UPD _b10 _c20140805 _lUCH01 _h1147 |
||
| 590 |
_aCONVERSION _b10 _c20130109 _lUCH01 _h1343 |
||
| 650 | 1 | 4 |
_aAgricultura _xInvestigación. _91577 |
| 650 | 1 | 4 |
_aPolítica agrícola. _990283 |
| 700 | 0 |
_aAsopa, V.N. _98112 |
|
| 700 | 0 |
_aBeye, Gora. _912121 |
|
| 830 | 0 |
_aFAO. Management of agricultural research . A training manual _vModule; 3 _939614 |
|
| 901 | _aBK | ||
| 905 | _aLilia Sánchez G. | ||
| 942 | _cLIBRO | ||
| 949 |
_a630.72 F4 v.3 _bBC _cFAO _d33724000727350 _eFAO1 _h95745 _i89401 _kDonaciØn _sb |
||
| 999 |
_c78259 _d78259 |
||